00270nam a2200121Ia 4500008004100000082001600041100001300057245002100070250000800091260003300099300000800132650000800140191201s1988 xx 000 0 und d a658.81bSTS aSTILL, R 0aSales Management a5th aN.DelhibPrentice Hallc1988 a638 aMBA